Normal view
MARC view
Entry Topical Term
001 - CONTROL NUMBER
- control field: 6369
003 - CONTROL NUMBER IDENTIFIER
- control field: BD-RjUL
005 - DATE AND TIME OF LATEST TRANSACTION
- control field: 20221219155826.0
008 - FIXED-LENGTH DATA ELEMENTS
- fixed length control field: 221219|| aca||aabn | a|a d
040 ## - CATALOGING SOURCE
- Original cataloging agency: BD-RjUL
- Transcribing agency: BD-RjUL
150 ## - HEADING--TOPICAL TERM
- Topical term or geographic name entry element: Insecticide
- Form subdivision: Field and plantation crops
670 ## - SOURCE DATA FOUND
- Source citation: Work cat.: (BD-RjUL)80988: Gazi, Md. Mahbubur Rahman 6368, Assesment of insecticidal and medicinal properties of ban ada, zingiber cassumunar Roxb. /, 2002